[Event "Dr Geza Hetenyi Mem GM"]
[Site "Budapest HUN"]
[Date "2017.12.12"]
[Round "1.2"]
[White "Vajda, Levente"]
[Black "Gledura, Benjamin"]
[Result "1/2-1/2"]
[WhiteTitle "GM"]
[BlackTitle "GM"]
[WhiteElo "2579"]
[BlackElo "2613"]
[WhiteFideId "1203975"]
[BlackFideId "712779"]
[EventDate "2017.12.12"]

1. Nf3 d5 2. d4 Nf6 3. c4 c6 4. e3 Bf5 5. Nc3 e6 6. Bd3 Bxd3 7. Qxd3 Nbd7 8. O-O
Bb4 9. Bd2 a5 10. a3 Be7 11. e4 Nc5 12. dxc5 dxe4 13. Qxd8+ Rxd8 14. Nxe4 Nxe4
15. Bxa5 Ra8 16. Bb4 Bxc5 17. Rae1 Bxb4 18. Rxe4 Bc5 19. Rd1 Ke7 20. Re2 Rhd8
21. Red2 Rxd2 22. Rxd2 f6 23. Kf1 e5 24. Ke2 Ke6 25. Rc2 g5 26. h3 h5 27. Rc3 e4
28. Nd2 f5 29. Nb3 Be7 30. f3 exf3+ 31. Rxf3 f4 32. h4 1/2-1/2

[Event "Dr Geza Hetenyi Mem GM"]
[Site "Budapest HUN"]
[Date "2017.12.12"]
[Round "1.3"]
[White "Bauer, Christian"]
[Black "Ruck, Robert"]
[Result "1/2-1/2"]
[WhiteTitle "GM"]
[BlackTitle "GM"]
[WhiteElo "2647"]
[BlackElo "2529"]
[WhiteFideId "603767"]
[BlackFideId "705713"]
[EventDate "2017.12.12"]

1. d4 Nf6 2. Bf4 g6 3. Nc3 d5 4. e3 Bg7 5. h4 c6 6. Bd3 Bf5 7. Bxf5 gxf5 8. Qf3
Nbd7 9. Nge2 e6 10. Qh3 Rg8 11. f3 Bf8 12. Rg1 Qa5 13. Qh2 Rc8 14. Bd6 Bxd6 15.
Qxd6 c5 16. a3 a6 17. O-O-O Qc7 18. Qf4 Ke7 19. Kb1 Nb6 20. Qxc7+ Rxc7 21. b3
Nc8 22. Kb2 Nd6 23. Rc1 cxd4 24. exd4 Rc6 25. Nf4 Rgc8 26. Nce2 Nb5 27. c3 Rg8
28. Nd3 Nd6 29. Nef4 Rc7 30. Rge1 Rgc8 31. Nc5 Rc6 32. a4 a5 33. Rc2 Kf8 34.
Ncd3 Nd7 35. g3 Kg7 36. Ne5 Nxe5 37. dxe5 Ne8 38. g4 fxg4 39. fxg4 Rb6 40. Rf2
Rbc6 41. Ne2 Rc5 42. Ref1 R5c7 43. Nd4 Kg8 44. Rf3 Re7 45. Nb5 Rc6 46. h5 Kg7
47. g5 Rc8 48. Rf4 b6 49. R1f2 Kg8 50. h6 Rd7 51. Rd4 Kf8 52. Rfd2 Re7 53. c4
Rc5 54. Re2 Nc7 55. Nc3 Re8 56. Rf4 Re7 57. Ref2 Kg8 58. Rd4 Kf8 59. Rg4 Kg8 60.
Rd2 Kf8 61. Re2 Rd7 62. cxd5 exd5 63. b4 axb4 64. Rxb4 d4 65. Nb1 Rc6 66. Rc2
Re6 67. Nd2 Rxe5 68. Rxb6 d3 69. Rc4 Re2 70. Rb8+ Ke7 71. Kc1 Re1+ 72. Kb2 Re2
73. Kc1 Re1+ 74. Kb2 Re2 75. Kc1 1/2-1/2

[Event "Dr Geza Hetenyi Mem GM"]
[Site "Budapest HUN"]
[Date "2017.12.12"]
[Round "1.4"]
[White "Medvegy, Zoltan"]
[Black "Indjic, Aleksandar"]
[Result "1-0"]
[WhiteTitle "GM"]
[BlackTitle "GM"]
[WhiteElo "2539"]
[BlackElo "2611"]
[WhiteFideId "708402"]
[BlackFideId "911925"]
[EventDate "2017.12.12"]

1. c4 e5 2. g3 h5 3. h4 Nc6 4. Bg2 Bc5 5. Nc3 a6 6. d3 d6 7. Nf3 Nge7 8. a3 Ba7
9. b4 Bg4 10. Bb2 Rb8 11. Rc1 Qd7 12. Nd5 Nxd5 13. cxd5 Ne7 14. d4 f6 15. O-O
Nf5 16. Qc2 Rc8 17. Kh2 g5 18. dxe5 dxe5 19. e4 Bxf3 20. Bxf3 Nd4 21. Bxd4 Bxd4
22. Bg2 Ke7 23. Bh3 g4 24. Bg2 c5 25. dxc6 Rxc6 26. Qd2 Rxc1 27. Rxc1 Rc8 28.
Rxc8 Qxc8 29. Qh6 Bxf2 30. Qxh5 Qg8 31. Bf1 Be3 32. Be2 b5 33. Bxg4 Qa2+ 34. Kh3
Bc1 35. Qf5 Qc4 36. Qd7+ Kf8 37. Qd6+ Kg7 38. Qd7+ Qf7 39. Qd3 Qc4 40. Qxc4 bxc4
41. a4 Ba3 42. b5 axb5 43. axb5 f5 44. exf5 e4 45. Bd1 Kf6 46. g4 Bc5 47. Kg2
Ke5 48. Kf1 Bd4 49. Ke2 Bb6 50. h5 Kf6 51. h6 Bd4 52. Bc2 e3 53. Kf3 c3 54. Bd3
Kg5 55. h7 Kh6 56. b6 Kxh7 57. b7 Ba7 58. g5 Kg7 59. Ke2 1-0

[Event "Dr Geza Hetenyi Mem GM"]
[Site "Budapest HUN"]
[Date "2017.12.12"]
[Round "1.5"]
[White "Banusz, Tamas"]
[Black "Markus, Robert"]
[Result "1/2-1/2"]
[WhiteTitle "GM"]
[BlackTitle "GM"]
[WhiteElo "2629"]
[BlackElo "2617"]
[WhiteFideId "722413"]
[BlackFideId "921637"]
[EventDate "2017.12.12"]

1. Nf3 Nf6 2. g3 g6 3. Bg2 Bg7 4. d4 O-O 5. c4 d6 6. Nc3 Nbd7 7. O-O e5 8. e4 c6
9. h3 b6 10. Be3 Bb7 11. Qc2 Rc8 12. dxe5 dxe5 13. c5 Qe7 14. cxb6 axb6 15. Nd2
Rfd8 16. Rfd1 Ba6 17. Qb3 b5 18. Bf1 Qf8 19. Qc2 Bh6 20. Bxh6 Qxh6 21. Nf3 Qf8
22. Rd2 Bb7 23. a3 Qe7 24. Rad1 Rf8 25. Qb3 Rc7 26. Qb4 Qxb4 27. axb4 Re8 28.
Ne1 Nb8 29. Rd8 Re7 30. Rxe8+ 1/2-1/2

[Event "Dr Geza Hetenyi Mem GM"]
[Site "Budapest HUN"]
[Date "2017.12.13"]
[Round "2.1"]
[White "Berkes, Ferenc"]
[Black "Bauer, Christian"]
[Result "1-0"]
[WhiteTitle "GM"]
[BlackTitle "GM"]
[WhiteElo "2658"]
[BlackElo "2647"]
[WhiteFideId "718572"]
[BlackFideId "603767"]
[EventDate "2017.12.12"]

1. d4 Nf6 2. Nf3 d5 3. c4 e6 4. Nc3 dxc4 5. Qa4+ Nbd7 6. e4 a6 7. Bxc4 c6 8. Be2
b5 9. Qc2 Bb7 10. e5 Nd5 11. Nxd5 cxd5 12. Bd3 Bb4+ 13. Bd2 Rc8 14. Qd1 Be7 15.
Qe2 Nb8 16. O-O Qd7 17. h4 h6 18. h5 b4 19. Nh2 Nc6 20. Qg4 Qd8 21. Rac1 Kd7 22.
Be3 Qb6 23. f4 b3 24. a3 Na5 25. Rxc8 Rxc8 26. Nf3 Nc4 27. Bc1 Bf8 28. f5 Kc7
29. fxe6 fxe6 30. Bh7 Kb8 31. Kh2 a5 32. a4 Ba6 33. Rf2 Rd8 34. Ne1 Qc6 35. Nd3
Bc8 36. Bg8 Nb6 37. Bd2 Nc4 38. Bc3 Bd7 39. Qg6 Bc8 40. Nf4 Bb4 41. Bxb4 Rxg8
42. Bc5 Nxe5 43. Qg3 Ka8 44. Ng6 Nxg6 45. hxg6 e5 46. Rf7 Bb7 47. Qxe5 Qxg6 48.
Rxb7 Kxb7 49. Qxd5+ Kc7 50. Qxg8 Qh5+ 51. Kg3 Qg5+ 52. Kf3 Qf5+ 53. Ke3 Qg5+ 54.
Kd3 Qf5+ 55. Kc4 Qf1+ 56. Kxb3 Qd1+ 57. Ka3 1-0

[Event "Dr Geza Hetenyi Mem GM"]
[Site "Budapest HUN"]
[Date "2017.12.13"]
[Round "2.2"]
[White "Gledura, Benjamin"]
[Black "Markus, Robert"]
[Result "1/2-1/2"]
[WhiteTitle "GM"]
[BlackTitle "GM"]
[WhiteElo "2613"]
[BlackElo "2617"]
[WhiteFideId "712779"]
[BlackFideId "921637"]
[EventDate "2017.12.12"]

1. Nf3 Nf6 2. g3 g6 3. Bg2 Bg7 4. c4 O-O 5. O-O c5 6. d4 cxd4 7. Nxd4 Nc6 8. Nc3
Qa5 9. Nc2 d6 10. Bd2 Qh5 11. e4 Ng4 12. h3 Nge5 13. Qxh5 gxh5 14. Ne3 Bxh3 15.
f4 Bxg2 16. Kxg2 Ng4 17. Nf5 Bxc3 18. Bxc3 e6 19. Nxd6 Ne3+ 20. Kf2 Nxf1 21.
Rxf1 b6 22. Bf6 h6 23. Rh1 Kh7 24. f5 Rg8 25. Rxh5 Rg6 26. fxg6+ Kxg6 27. g4
Kxf6 28. Rxh6+ Kg7 29. Nf5+ exf5 30. Rxc6 fxg4 31. Kg3 Re8 32. Kxg4 Rxe4+ 33.
Kf3 Rh4 1/2-1/2

[Event "Dr Geza Hetenyi Mem GM"]
[Site "Budapest HUN"]
[Date "2017.12.13"]
[Round "2.3"]
[White "Indjic, Aleksandar"]
[Black "Banusz, Tamas"]
[Result "1/2-1/2"]
[WhiteTitle "GM"]
[BlackTitle "GM"]
[WhiteElo "2611"]
[BlackElo "2629"]
[WhiteFideId "911925"]
[BlackFideId "722413"]
[EventDate "2017.12.12"]

1. d4 d5 2. c4 c6 3. cxd5 cxd5 4. Bf4 Nf6 5. Nc3 Nc6 6. e3 Bf5 7. Qb3 Na5 8.
Qa4+ Bd7 9. Qc2 e6 10. Nf3 Be7 11. Bd3 Nc6 12. a3 Nh5 13. Be5 f6 14. Bf4 Rc8 15.
h3 Nxf4 16. exf4 a6 17. O-O g6 18. Rfe1 Kf7 19. Rad1 Bd6 20. g3 Ne7 21. Qb3 b5
22. Re2 Qb6 23. Rde1 Rhe8 24. h4 h5 25. Re3 Rb8 26. Qd1 Qc6 27. b4 Rbc8 28. Qb3
Qb6 29. Qb2 Nf5 30. Bxf5 gxf5 31. Qb3 Kg7 32. Nd1 Qc6 33. Nb2 Qc2 34. Qa2 Rc3
35. R1e2 Qc1+ 36. Re1 Qc2 37. R1e2 Qc1+ 38. Re1 1/2-1/2

[Event "Dr Geza Hetenyi Mem GM"]
[Site "Budapest HUN"]
[Date "2017.12.13"]
[Round "2.4"]
[White "Ruck, Robert"]
[Black "Medvegy, Zoltan"]
[Result "1/2-1/2"]
[WhiteTitle "GM"]
[BlackTitle "GM"]
[WhiteElo "2529"]
[BlackElo "2539"]
[WhiteFideId "705713"]
[BlackFideId "708402"]
[EventDate "2017.12.12"]

1. Nf3 Nf6 2. c4 b6 3. g3 Bb7 4. Bg2 g6 5. O-O Bg7 6. Nc3 O-O 7. d4 Ne4 8. Nxe4
Bxe4 9. Be3 c5 10. Qd2 d6 11. Bh6 Nd7 12. Bxg7 Kxg7 13. Rfd1 Nf6 14. b3 Qc7 15.
a4 Qb7 16. d5 a6 17. Qc3 b5 18. Nd2 Bxg2 19. Kxg2 bxc4 20. bxc4 Rab8 21. Rdb1
Qc7 22. Ne4 Rxb1 23. Rxb1 Rb8 24. Rxb8 Qxb8 25. Nxf6 exf6 26. g4 Qb4 27. Qc2 Kf8
28. h4 Ke7 29. g5 f5 30. e4 f4 31. Kf3 Qe1 32. Kxf4 Qh1 33. Kg3 Qg1+ 34. Kf3
Qh1+ 35. Kg3 1/2-1/2

[Event "Dr Geza Hetenyi Mem GM"]
[Site "Budapest HUN"]
[Date "2017.12.13"]
[Round "2.5"]
[White "Vajda, Levente"]
[Black "Aczel, Gergely"]
[Result "0-1"]
[WhiteTitle "GM"]
[BlackTitle "IM"]
[WhiteElo "2579"]
[BlackElo "2549"]
[WhiteFideId "1203975"]
[BlackFideId "727709"]
[EventDate "2017.12.12"]

1. e4 c5 2. Nf3 d6 3. g3 Nf6 4. d3 Nc6 5. Bg2 e5 6. O-O Be7 7. Nbd2 O-O 8. Nc4
Re8 9. a4 h6 10. c3 Bf8 11. Qb3 Rb8 12. Ne3 a6 13. Nd5 b5 14. axb5 axb5 15. Be3
Nxd5 16. exd5 Ne7 17. Nd2 Bf5 18. Ne4 Nxd5 19. Qxd5 Be6 20. Qc6 Rb6 21. Qa8 Qxa8
22. Rxa8 Rxa8 23. Nxc5 Bh3 24. Bxa8 Bxf1 25. Kxf1 dxc5 26. Ke2 Ra6 27. Bd5 Bd6
28. Kd2 Kf8 29. Bb7 Ra7 30. Bc6 f5 31. Kc2 f4 32. Bd2 Ra1 33. d4 exd4 34. cxd4
cxd4 35. gxf4 Rf1 36. f3 b4 37. h3 Ke7 38. Bb7 Rh1 39. Bc8 Rh2 40. Kd3 b3 41. f5
Ba3 42. Be6 Bxb2 43. Bb4+ Kf6 0-1

[Event "Dr Geza Hetenyi Mem GM"]
[Site "Budapest HUN"]
[Date "2017.12.14"]
[Round "3.1"]
[White "Aczel, Gergely"]
[Black "Gledura, Benjamin"]
[Result "1/2-1/2"]
[WhiteTitle "IM"]
[BlackTitle "GM"]
[WhiteElo "2549"]
[BlackElo "2613"]
[WhiteFideId "727709"]
[BlackFideId "712779"]
[EventDate "2017.12.12"]

1. d4 Nf6 2. c4 g6 3. f3 e6 4. e4 c5 5. d5 d6 6. Bg5 Bg7 7. Ne2 O-O 8. Nec3 h6
9. Be3 a6 10. a4 Nh7 11. Qd2 f5 12. Bd3 Nd7 13. dxe6 Ne5 14. exf5 gxf5 15. O-O
Bxe6 16. Bxh6 Bxh6 17. Qxh6 Qf6 18. Qd2 Nxc4 19. Bxc4 Bxc4 20. Rf2 Rad8 21. Nd5
Qf7 22. Nb6 Bb3 23. Qc3 Be6 24. Nd2 Rfe8 25. a5 Qf6 26. Re1 Qxc3 27. bxc3 Bf7
28. Rfe2 Nf6 29. Kf2 Kf8 30. Rxe8+ Bxe8 31. Ke3 Nh5 32. g4 fxg4 33. fxg4 Nf6 34.
Kf4 Bc6 35. g5 Nh5+ 36. Kg4 Ng7 37. Ne4 Bxe4 38. Rxe4 d5 39. Re5 d4 40. Rxc5
dxc3 41. Rxc3 Rd4+ 42. Kg3 Nf5+ 43. Kf3 Kf7 44. Rc4 Rd2 45. h4 Kg6 46. Rf4 Rh2
47. Nc4 Rxh4 48. Rxh4 Nxh4+ 49. Kg4 Ng2 50. Ne5+ Kg7 51. Kf3 Nh4+ 52. Ke4 Kf8
53. Kd5 Ke7 54. Kc5 Ke6 55. Nd3 Nf5 56. Nf4+ Kf7 57. Kd5 Ne7+ 58. Kc5 Nc6 59.
Kb6 Kg7 60. Kxb7 1/2-1/2

[Event "Dr Geza Hetenyi Mem GM"]
[Site "Budapest HUN"]
[Date "2017.12.14"]
[Round "3.2"]
[White "Bauer, Christian"]
[Black "Vajda, Levente"]
[Result "1/2-1/2"]
[WhiteTitle "GM"]
[BlackTitle "GM"]
[WhiteElo "2647"]
[BlackElo "2579"]
[WhiteFideId "603767"]
[BlackFideId "1203975"]
[EventDate "2017.12.12"]

1. e4 e5 2. Nf3 Nc6 3. Bb5 a6 4. Ba4 Nf6 5. O-O Be7 6. Re1 b5 7. Bb3 O-O 8. d3
d6 9. c3 Na5 10. Bc2 c5 11. Nbd2 Nd7 12. Nf1 Nb6 13. Ne3 Nc6 14. a4 Nxa4 15.
Bxa4 bxa4 16. Qxa4 Qd7 17. Nd2 Re8 18. Ndc4 Rb8 19. Nd5 Bd8 20. Be3 Re6 21. Re2
a5 22. f4 exf4 23. Nxf4 Re8 24. Nd5 Ba6 25. Bf4 Re6 26. Rf2 f6 27. Nde3 Kh8 28.
Rd1 Bb5 29. Qa3 Bc7 30. h3 a4 31. Qa2 Na5 32. Nxa5 Bxa5 33. Nd5 Bc6 34. Qc4 Rb3
35. Qa6 Bd8 36. d4 Bb5 37. Qa8 Bc6 1/2-1/2

[Event "Dr Geza Hetenyi Mem GM"]
[Site "Budapest HUN"]
[Date "2017.12.14"]
[Round "3.3"]
[White "Medvegy, Zoltan"]
[Black "Berkes, Ferenc"]
[Result "0-1"]
[WhiteTitle "GM"]
[BlackTitle "GM"]
[WhiteElo "2539"]
[BlackElo "2658"]
[WhiteFideId "708402"]
[BlackFideId "718572"]
[EventDate "2017.12.12"]

1. c4 e5 2. Nc3 Nf6 3. Nf3 Nc6 4. e3 d6 5. d4 Bd7 6. Be2 g6 7. Qb3 Bg7 8. O-O
Rb8 9. Qa3 exd4 10. exd4 a6 11. Rd1 O-O 12. d5 Ne7 13. h3 Re8 14. Bf4 b5 15. b4
a5 16. Bg5 c5 17. Nxb5 axb4 18. Qc1 Bxb5 19. cxb5 Ne4 20. Qf4 Nxg5 21. Nxg5 Nf5
22. Bd3 Bh6 23. Bxf5 Bxg5 24. Qg3 Bh4 25. Qg4 h5 26. Qf4 Qf6 0-1

[Event "Dr Geza Hetenyi Mem GM"]
[Site "Budapest HUN"]
[Date "2017.12.14"]
[Round "3.4"]
[White "Banusz, Tamas"]
[Black "Ruck, Robert"]
[Result "1-0"]
[WhiteTitle "GM"]
[BlackTitle "GM"]
[WhiteElo "2629"]
[BlackElo "2529"]
[WhiteFideId "722413"]
[BlackFideId "705713"]
[EventDate "2017.12.12"]

1. c4 Nf6 2. Nc3 e5 3. Nf3 Nc6 4. g3 Bb4 5. Bg2 O-O 6. O-O e4 7. Ng5 Bxc3 8.
bxc3 Re8 9. f3 exf3 10. Nxf3 Qe7 11. e3 d5 12. cxd5 Nxd5 13. Qb3 Nb6 14. Ba3 Be6
15. Bxe7 Bxb3 16. axb3 Rxe7 17. Ne1 Nd8 18. Nc2 a6 19. d4 Rc8 20. Rad1 Nd7 21.
b4 Nb6 22. e4 Nc4 23. e5 c6 24. Rf2 b5 25. Ra1 Ra7 26. Ne1 Rca8 27. Rfa2 Nb6 28.
Nd3 Na4 29. Ra3 Kf8 30. Bf3 Ke7 31. Kf2 a5 32. bxa5 Rxa5 33. Nc5 f6 34. exf6+
Kxf6 35. c4 R8a7 36. Be2 Nb7 37. Nb3 b4 38. R3a2 R5a6 39. c5 Naxc5 40. Rxa6 Rxa6
41. Rxa6 Nxa6 42. Bxa6 1-0

[Event "Dr Geza Hetenyi Mem GM"]
[Site "Budapest HUN"]
[Date "2017.12.14"]
[Round "3.5"]
[White "Markus, Robert"]
[Black "Indjic, Aleksandar"]
[Result "1-0"]
[WhiteTitle "GM"]
[BlackTitle "GM"]
[WhiteElo "2617"]
[BlackElo "2611"]
[WhiteFideId "921637"]
[BlackFideId "911925"]
[EventDate "2017.12.12"]

1. d4 d5 2. c4 dxc4 3. Nf3 a6 4. e3 Bg4 5. Bxc4 e6 6. O-O Nc6 7. Nbd2 Nf6 8. a3
Bd6 9. b4 O-O 10. Bb2 Nd5 11. Qc2 f5 12. Ne5 Bh5 13. Bxd5 exd5 14. Nxc6 bxc6 15.
Qxc6 Kh8 16. g3 Bf7 17. Nf3 Be6 18. a4 Qe7 19. b5 axb5 20. axb5 Rab8 21. Qc3 Bd7
22. Ba3 Bxb5 23. Rfb1 g5 24. Ne5 f4 25. exf4 gxf4 26. Rb2 Rb7 27. Rab1 Rfb8 28.
Bxd6 cxd6 29. Nd3 fxg3 30. hxg3 Bc4 31. Rxb7 Rxb7 32. Re1 Qf7 33. Nf4 Re7 34.
Rxe7 Qxe7 35. f3 Kg7 36. Kf2 Qa7 37. g4 Qe7 38. Kg3 Kg8 39. Qd2 Kf7 40. Ng2 Kg8
41. Nh4 Bd3 42. Qxd3 Qe1+ 43. Kf4 Qxh4 44. Qf5 Qh2+ 45. Kg5 Qd2+ 46. Qf4 h6+ 47.
Kf5 Qe2 48. Kg6 Qe7 49. Kh5 Qg7 50. g5 Qd7 51. gxh6 Kh7 52. Kg5 Qe7+ 53. Qf6
Qe3+ 54. Kh5 Qe8+ 55. Kg4 1-0

[Event "Dr Geza Hetenyi Mem GM"]
[Site "Budapest HUN"]
[Date "2017.12.15"]
[Round "4.1"]
[White "Gledura, Benjamin"]
[Black "Indjic, Aleksandar"]
[Result "1-0"]
[WhiteTitle "GM"]
[BlackTitle "GM"]
[WhiteElo "2613"]
[BlackElo "2611"]
[WhiteFideId "712779"]
[BlackFideId "911925"]
[EventDate "2017.12.12"]

1. Nf3 d5 2. d4 Bf5 3. c4 e6 4. Nc3 Nc6 5. cxd5 exd5 6. Bf4 Bd6 7. Bg3 Nge7 8.
e3 a6 9. Rc1 h5 10. a3 Bxg3 11. hxg3 Qd6 12. Be2 g6 13. Nd2 Bd7 14. Bf3 Nd8 15.
Bxd5 f5 16. Nc4 Qf6 17. Ne5 c6 18. Nxd7 Kxd7 19. Bf3 Nf7 20. Na4 Kc7 21. Qb3 b5
22. Nc5 Ng5 23. Bxc6 Nxc6 24. d5 Na5 25. Qb4 Nc4 26. b3 Ne5 27. Qa5+ Kd6 28.
Qb6+ Ke7 29. Qb7+ Kf8 30. Qxa8+ Kg7 31. Qb7+ Kh6 32. d6 Qxd6 33. f4 Ne4 34. Nxe4
Nd3+ 35. Kf1 fxe4 36. Rc6 Qxa3 37. Qxa6 Qxa6 38. Rxa6 Rc8 39. Kg1 Kg7 40. Kh2
Nf2 41. Re1 Rc3 42. Kg1 Ng4 43. Re6 Rxb3 44. Rxe4 b4 45. Re6 Kf7 46. Rb6 Kg7 47.
e4 Rxg3 48. Rb7+ Kh6 49. Rxb4 h4 50. Rb8 g5 51. fxg5+ Kg7 52. e5 h3 53. Rb2 Kf7
54. e6+ Ke7 55. g6 h2+ 56. Kh1 Rc3 57. g7 Rc8 58. Rb7+ Kf6 59. Rf7+ 1-0

[Event "Dr Geza Hetenyi Mem GM"]
[Site "Budapest HUN"]
[Date "2017.12.15"]
[Round "4.2"]
[White "Ruck, Robert"]
[Black "Markus, Robert"]
[Result "1/2-1/2"]
[WhiteTitle "GM"]
[BlackTitle "GM"]
[WhiteElo "2529"]
[BlackElo "2617"]
[WhiteFideId "705713"]
[BlackFideId "921637"]
[EventDate "2017.12.12"]

1. Nf3 Nf6 2. c4 g6 3. d4 Bg7 4. g3 O-O 5. Bg2 d6 6. O-O Nbd7 7. Nc3 e5 8. h3 c6
9. e4 Qb6 10. Re1 exd4 11. Nxd4 Re8 12. Na4 Qc7 13. Bf4 Ne5 14. Rc1 Be6 15. b3
Rad8 16. Nxe6 Rxe6 17. Qd2 h5 18. Rcd1 Rde8 19. Nb2 Qe7 20. Kh1 h4 21. gxh4 Nh5
22. Bg5 Qc7 23. Nd3 Nxd3 24. Qxd3 Qa5 25. Bf3 Nf6 26. Qc2 d5 27. cxd5 cxd5 28.
Bd2 Qa6 29. e5 Rxe5 30. Rxe5 Rxe5 31. Kg2 Ne4 32. Bf4 Rf5 33. Bxe4 Rxf4 34. Bxd5
Qf6 35. Rd3 Qf5 36. Qd2 Kh7 37. Rf3 Rxf3 38. Bxf3 b6 39. Qd5 Qxd5 40. Bxd5 f5 1/2-1/2

[Event "Dr Geza Hetenyi Mem GM"]
[Site "Budapest HUN"]
[Date "2017.12.15"]
[Round "4.3"]
[White "Berkes, Ferenc"]
[Black "Banusz, Tamas"]
[Result "1-0"]
[WhiteTitle "GM"]
[BlackTitle "GM"]
[WhiteElo "2658"]
[BlackElo "2629"]
[WhiteFideId "718572"]
[BlackFideId "722413"]
[EventDate "2017.12.12"]

1. d4 d5 2. Nf3 Nf6 3. Bf4 c5 4. e3 Nc6 5. Nbd2 e6 6. c3 cxd4 7. exd4 Nh5 8. Be3
Bd6 9. Ne5 g6 10. Nd3 Ng7 11. g3 f6 12. Bg2 Nf5 13. O-O O-O 14. Re1 Kg7 15. b4
Re8 16. Rc1 a6 17. a4 Rb8 18. a5 b6 19. axb6 Qxb6 20. Bf4 Bxf4 21. Nxf4 Qd8 22.
Qe2 Nd6 23. Nb3 a5 24. Nc5 e5 25. dxe5 fxe5 26. Nxd5 axb4 27. Na6 Bxa6 28. Qxa6
Qc8 29. Nxb4 Qxa6 30. Nxa6 Rbc8 31. Rcd1 Nf5 32. Rd5 Nd8 33. g4 Nh6 34. Rd7+ Kh8
35. Nc7 Rf8 36. g5 Nhf7 37. h4 h6 38. gxh6 Nxh6 39. Rxe5 Ng4 40. Re8 Rxe8 41.
Nxe8 Ne5 42. Re7 Ndc6 43. Re6 Kg8 44. f4 1-0

[Event "Dr Geza Hetenyi Mem GM"]
[Site "Budapest HUN"]
[Date "2017.12.15"]
[Round "4.4"]
[White "Vajda, Levente"]
[Black "Medvegy, Zoltan"]
[Result "1-0"]
[WhiteTitle "GM"]
[BlackTitle "GM"]
[WhiteElo "2579"]
[BlackElo "2539"]
[WhiteFideId "1203975"]
[BlackFideId "708402"]
[EventDate "2017.12.12"]

1. e4 e6 2. d4 d5 3. Nd2 Be7 4. Ngf3 Nf6 5. e5 Nfd7 6. c4 c5 7. cxd5 exd5 8. Bb5
Nc6 9. O-O a6 10. Bxc6 bxc6 11. Re1 O-O 12. Nf1 c4 13. Ng3 Nb6 14. Qc2 a5 15. h3
a4 16. Nh5 g6 17. Ng3 Re8 18. a3 Ra5 19. h4 Bxh4 20. Qd2 c3 21. Qh6 cxb2 22. Bg5
bxa1=Q 23. Rxa1 Bxg5 24. Nxg5 Ra7 25. Qxh7+ Kf8 26. f4 Be6 27. Rf1 Ke7 28. f5
Rh8 29. Qg7 gxf5 30. Nxf5+ Kd7 31. Nxe6 Qg8 32. Nc5+ Kc7 33. Qf6 Qd8 34. Ne7 Re8
35. Qxc6+ Kb8 36. Rb1 1-0

[Event "Dr Geza Hetenyi Mem GM"]
[Site "Budapest HUN"]
[Date "2017.12.15"]
[Round "4.5"]
[White "Aczel, Gergely"]
[Black "Bauer, Christian"]
[Result "1-0"]
[WhiteTitle "IM"]
[BlackTitle "GM"]
[WhiteElo "2549"]
[BlackElo "2647"]
[WhiteFideId "727709"]
[BlackFideId "603767"]
[EventDate "2017.12.12"]

1. d4 d6 2. e4 Nf6 3. f3 d5 4. Nc3 e6 5. Bg5 Be7 6. Qd2 h6 7. Bxf6 Bxf6 8. O-O-O
O-O 9. Kb1 c5 10. dxc5 Nd7 11. exd5 Nxc5 12. Nge2 Qb6 13. Nd4 Bd7 14. Bc4 Rac8
15. dxe6 Bxe6 16. Bxe6 Nxe6 17. Nce2 Rfd8 18. c3 Rd5 19. Rhe1 Nxd4 20. Nxd4 Bxd4
21. cxd4 Qd6 22. g4 a5 23. Re4 f5 24. gxf5 Rxf5 25. Qe2 Rcf8 26. Rd3 R8f6 27. a3
Kh7 28. Ka1 Rg6 29. Re5 Rf8 30. Qe4 a4 31. d5 Kg8 32. Ka2 Rg2 33. Re7 Qxh2 34.
Rxb7 Rb8 35. Rxb8+ Qxb8 36. Qd4 Qe8 37. d6 Qd7 38. Qd5+ Kh7 39. Qe4+ Kg8 40. f4
Rf2 41. Rd4 Kf7 42. Qd5+ Kf6 43. Qe5+ Kf7 44. Rd5 g6 45. Rd4 h5 46. Qd5+ Kf6 47.
Rc4 Re2 48. Qg5+ 1-0

[Event "Dr Geza Hetenyi Mem GM"]
[Site "Budapest HUN"]
[Date "2017.12.16"]
[Round "5.1"]
[White "Bauer, Christian"]
[Black "Gledura, Benjamin"]
[Result "1/2-1/2"]
[WhiteTitle "GM"]
[BlackTitle "GM"]
[WhiteElo "2647"]
[BlackElo "2613"]
[WhiteFideId "603767"]
[BlackFideId "712779"]
[EventDate "2017.12.12"]

1. Nf3 Nf6 2. c4 c5 3. g3 Nc6 4. Bg2 g6 5. d4 cxd4 6. Nxd4 Bg7 7. Nc3 O-O 8. Nc2
d6 9. b3 Be6 10. O-O Qd7 11. e4 Bh3 12. Rb1 Bxg2 13. Kxg2 a6 14. Qe2 b6 15. Bg5
Rfb8 16. Nd5 Ne8 17. Qe3 Qa7 18. Ncb4 Nxb4 19. Nxb4 Qb7 20. Rfe1 b5 21. c5 e6
22. Nd3 Rc8 23. Rbc1 a5 24. Qf3 b4 25. Bf4 dxc5 26. Nxc5 Qb5 27. e5 Rab8 28. Na4
Rc7 29. Qe4 Rd8 30. h4 Rd5 1/2-1/2

[Event "Dr Geza Hetenyi Mem GM"]
[Site "Budapest HUN"]
[Date "2017.12.16"]
[Round "5.2"]
[White "Medvegy, Zoltan"]
[Black "Aczel, Gergely"]
[Result "0-1"]
[WhiteTitle "GM"]
[BlackTitle "IM"]
[WhiteElo "2539"]
[BlackElo "2549"]
[WhiteFideId "708402"]
[BlackFideId "727709"]
[EventDate "2017.12.12"]

1. d4 Nf6 2. Nf3 e6 3. Bf4 d5 4. e3 Bd6 5. Bg3 O-O 6. Nbd2 b6 7. c4 Bb7 8. cxd5
exd5 9. Be2 c5 10. dxc5 bxc5 11. O-O Bxg3 12. hxg3 Nbd7 13. Qc2 Qb6 14. Rfd1
Rfe8 15. Nb1 Rac8 16. Nc3 d4 17. Na4 Qa5 18. exd4 cxd4 19. Bc4 Bxf3 20. gxf3 Ne5
21. b3 d3 22. Rxd3 Rxc4 0-1

[Event "Dr Geza Hetenyi Mem GM"]
[Site "Budapest HUN"]
[Date "2017.12.16"]
[Round "5.3"]
[White "Banusz, Tamas"]
[Black "Vajda, Levente"]
[Result "1/2-1/2"]
[WhiteTitle "GM"]
[BlackTitle "GM"]
[WhiteElo "2629"]
[BlackElo "2579"]
[WhiteFideId "722413"]
[BlackFideId "1203975"]
[EventDate "2017.12.12"]

1. d4 Nf6 2. c4 g6 3. Nf3 Bg7 4. g3 O-O 5. Bg2 c5 6. Nc3 cxd4 7. Nxd4 Nc6 8. O-O
Qa5 9. Nb3 Qh5 10. h3 d6 11. g4 Bxg4 12. hxg4 Nxg4 13. Bf4 Be5 14. Qd2 g5 15.
Bxe5 Ncxe5 16. Rfc1 Nxc4 17. Qd3 Nce3 18. fxe3 Qh4 19. Nd5 Qf2+ 20. Kh1 Qh4+ 21.
Kg1 Qf2+ 22. Kh1 Qh4+ 23. Kg1 Qf2+ 1/2-1/2

[Event "Dr Geza Hetenyi Mem GM"]
[Site "Budapest HUN"]
[Date "2017.12.16"]
[Round "5.4"]
[White "Markus, Robert"]
[Black "Berkes, Ferenc"]
[Result "1/2-1/2"]
[WhiteTitle "GM"]
[BlackTitle "GM"]
[WhiteElo "2617"]
[BlackElo "2658"]
[WhiteFideId "921637"]
[BlackFideId "718572"]
[EventDate "2017.12.12"]

1. d4 d5 2. c4 e6 3. Nf3 Nf6 4. g3 Be7 5. Bg2 O-O 6. O-O dxc4 7. Qc2 a6 8. a4
Bd7 9. Qxc4 Bc6 10. Bg5 Bd5 11. Qc2 Be4 12. Qc1 h6 13. Bxf6 Bxf6 14. Rd1 a5 15.
Nbd2 Bxf3 16. Bxf3 c6 17. Nb3 Na6 18. h4 Qb6 19. Qc4 Rfd8 20. e3 Be7 21. Rac1
Qb4 22. Qxb4 Nxb4 23. Kf1 e5 24. dxe5 Nd3 25. Rb1 Nxe5 26. Be2 Bb4 27. Nd4 Nd7
28. Bd3 Nb6 29. Bc2 Rd7 30. Ke2 Rad8 31. Nf3 Rxd1 1/2-1/2